Wszystkie gminy w Świętokrzyskim - Statystyki

Ogólne statystyki
  • Ten quiz został rozwiązany 264 razy
  • Średni wynik to 37 z 102
Statystyki odpowiedzi
Powiat Typ Gminy Gmina % Poprawnych
miasto na prawach powiatu Kielce
90%
staszowski miejsko-wiejska Staszów
78%
buski miejsko-wiejska Busko-Zdrój
77%
opatowski miejsko-wiejska Opatów
77%
ostrowiecki miejska Ostrowiec Świętokrzyski
77%
pińczowski miejsko-wiejska Pińczów
77%
sandomierski miejska Sandomierz
75%
jędrzejów miejsko-wiejska Jędrzejów
74%
starachowicki miejska Starachowice
73%
konecki miejsko-wiejska Końskie
72%
skarżyski miejska Skarżysko-Kamienna
72%
włoszczowski miejsko-wiejska Włoszczowa
72%
kazimierski miejsko-wiejska Kazimierza Wielka
69%
miejsko-wiejska Morawica
62%
miejsko-wiejska Chęciny
61%
miejsko-wiejska Chmielnik
57%
miejsko-wiejska Daleszyce
57%
kielecki miejsko-wiejska Bodzentyn
54%
miejsko-wiejska Łagów
54%
miejsko-wiejska Nowa Słupia
53%
miejsko-wiejska Małogoszcz
51%
wiejska Zagnańsk
49%
wiejska Raków
46%
wiejska Masłów
44%
wiejska Piekoszów
44%
miejsko-wiejska Suchedniów
44%
miejsko-wiejska Ćmielów
43%
wiejska Nowiny
43%
miejsko-wiejska Połaniec
43%
miejsko-wiejska Wąchock
43%
wiejska Łopuszno
42%
miejsko-wiejska Pacanów/
42%
wiejska Górno
41%
miejsko-wiejska Sędziszów
41%
wiejska Miedziana Góra
40%
miejsko-wiejska Ożarów
40%
miejsko-wiejska Pierzchnica
40%
miejsko-wiejska Opatowiec
39%
miejsko-wiejska Stopnica
39%
wiejska Mniów
38%
miejsko-wiejska Radoszyce
37%
miejsko-wiejska Stąporków
37%
wiejska Strawczyn
37%
wiejska Bieliny
35%
wiejska Łączna
35%
miejsko-wiejska Osiek
35%
miejsko-wiejska Szydłów
35%
miejsko-wiejska Klimontów
34%
miejsko-wiejska Skalbmierz
34%
miejsko-wiejska Kunów
33%
miejsko-wiejska Wiślica
33%
wiejska Iwaniska
32%
wiejska Kije
31%
miejsko-wiejska Wodzisław
31%
miejsko-wiejska Zawichost
31%
miejsko-wiejska Koprzywnica
29%
wiejska Słupia
28%
wiejska Sobków
28%
wiejska Nagłowice
27%
wiejska Bogoria
26%
wiejska Krasocin
26%
miejsko-wiejska Nowy Korczyn
26%
wiejska Oksa
26%
wiejska Skarżysko Kościelne
26%
wiejska Solec-Zdrój
26%
miejsko-wiejska Działoszyce
25%
wiejska Pawłów
25%
wiejska Ruda Maleniecka
25%
wiejska Rytwiany
25%
wiejska Bałtów
24%
wiejska Bliżyn
24%
wiejska Imielno
24%
wiejska Fałków
23%
wiejska Brody
22%
miejsko-wiejska Oleśnica
22%
wiejska Secemin
22%
wiejska Smyków
22%
wiejska Bodzechów
20%
wiejska Dwikozy
20%
wiejska Gnojno
20%
wiejska Michałów
20%
wiejska Mirzec
20%
wiejska Moskorzew
20%
wiejska Waśniów
19%
wiejska Złota
19%
wiejska Baćkowice
17%
wiejska Tuczępy
17%
wiejska Gowarczów
16%
wiejska Kluczewsko
16%
wiejska Radków
16%
wiejska Tarłów
15%
wiejska Lipnik
14%
wiejska Słupia Konecka
13%
wiejska Bejsce
11%
wiejska Łoniów
11%
wiejska Łubnice
11%
wiejska Sadowie
11%
wiejska Samborzec
11%
wiejska Obrazów
10%
wiejska Wojciechowice
10%
wiejska Czarnocin
9%
wiejska Wilczyce
7%
Nie znaleziono quizów pasujących do podanych kryteriów
Rozkład punktacji
Procent ludzi z każdym wynikiem
Percentyl według liczby udzielonych odpowiedzi
Twoja historia wyników
Nie rozwiązałeś tego quizu